Speed States & Capitals Quiz Stats

 Plays Quiz Updated Dec 3, 2018

Support Sporcle.
Go Orange.
Score 0/80 Timer 03:00
8 Plays Today
Start Finish % Correct
????
100%
????
97.1%
????
96.3%
????
96.1%
????
94.8%
????
92.4%
????
92%
????
89.7%
????
89%
????
88.8%
????
88.2%
????
81.8%
????
81.7%
????
81.5%
????
81.3%
????
81.2%
????
79.1%
????
79%
????
78.9%
????
78.7%
????
78.5%
????
78.2%
????
73.6%
????
73.5%
????
73.4%
????
72.9%
????
72.6%
????
62.3%
????
62.2%
????
62%
????
61.3%
????
61.2%
????
58.5%
????
58.2%
????
57.9%
????
55.7%
????
55.5%
????
54.1%
????
53.5%
????
53.3%
Start Finish % Correct
????
52.6%
????
49.7%
????
49.4%
????
49%
????
48%
????
47.6%
????
47.3%
????
46.3%
????
45.9%
????
45.3%
????
44.3%
????
43.6%
????
40.6%
????
40%
????
37.4%
????
36.7%
????
36.3%
????
35.4%
????
34.9%
????
34.5%
????
34%
????
33.6%
????
33.1%
????
32.1%
????
31.5%
????
31%
????
26.3%
????
25.4%
????
24.9%
????
24.3%
????
23.7%
????
22.8%
????
21%
????
20.4%
????
19.2%
????
17.7%
????
16.8%
????
15.3%
????
14.7%
????
14%

You're not logged in!

Compare scores with friends on all Sporcle quizzes.
OR
Log In
Forgot?

From the Vault

Super Smash Bros.

by BlueWingX

Gaming 8m
Even if you haven't played any of these games, if you've played any of Nintendo's other game series, you might be surprised at how well you do.
Remove Ads.
Support Sporcle.
Get the best of Sporcle when you Go Orange. This ad-free experience offers more features, more stats, and more fun while also helping to support Sporcle. Thank you for becoming a member.

Show Comments

Extras

Top Quizzes Today


Score Distribution

Your Account Isn't Verified!

In order to create a playlist on Sporcle, you need to verify the email address you used during registration. Go to your Sporcle Settings to finish the process.

Report this User

Report this user for behavior that violates our Community Guidelines.

Details: